Logo BPK

Biblioteka

Politechniki Koszalińskiej

Tower's International - katalog tranzystorów : (Rekord nr 24259)

Szczegóły MARC
000 -ETYKIETA REKORDU
podpole kontrolne o stałej długości 01103nam a2200253 i 4500
001 - NUMER KONTROLNY REKORDU
pole kontrolne bg
020 ## - MIĘDZYNARODOWY ZNORMALIZOWANY NUMER KSIĄŻKI - ISBN
ISBN 832061208X
040 ## - ŹRÓDŁO KATALOGOWANIA
Instytucja, która utworzyła rekord BPK
041 1# - KOD JĘZYKA
Kod języka tekstu pol
Kod języka oryginału eng
080 ## - UNIWERSALNA KLASYFIKACJA DZIESIĘTNA - UKD
UKD 621.382(083.8)
920 ## - Międzynarodowy znormalizowany numer książki – ISBN
ISBN 83-206-1208-X
008 - POLE O STAŁEJ DŁUGOŚCI - DANE KONTROLNE
podpole kontrolne o stałej długości s pl f |000 0 pol
245 00 - TYTUŁ/ODPOWIEDZIALNOŚĆ
Tytuł Tower's International - katalog tranzystorów :
Ciąg dalszy tytułu dane techniczne ułatwiające identyfikację, wybór i zamianę tranzystorów /
Pozostałe elementy strefy tytułu i oznaczenia odpowiedzialności [przedm. przetł. z ang. Michał Nadachowski].
246 ## - WARIANT TYTUŁU
Treść wyrażenia wprowadzającego Tyt. oryg.:
Tytuł Towers' International Transistor Selection
250 ## - STREFA WYDANIA
Oznaczenie wydania Wyd.2 rozszerz.i uaktual.
260 ## - STREFA ADRESU WYDAWNICZEGO
Miejsce wydania Warszawa :
Nazwa wydawcy/dystrybutora Wydawnictwa Komunikacji i Łączności,
Data publikacji, dystrybucji/powstania dokumentu 1997.
300 ## - STREFA OPISU FIZYCZNEGO
Objętość XI, [1], 475, [1] s. ;
Rozmiary 24 cm.
500 ## - UWAGI OGÓLNE
Tekst uwagi Oryg. : "Towers' International Transistor Selection", 1996.
500 ## - UWAGI OGÓLNE
Tekst uwagi [Ponad 32000 tranzystorów biopolarnych i elementów do montażu powierzchniowego produkowanych na całym świecie. Ich dane techniczne zarówno elektryczne, jak i mechaniczne, wraz z proponowanymi zamiennikami].
650 #9 - HASŁO PRZEDMIOTOWE W FORMIE NAZWY OGÓLNEJ LUB JEDNOSTKOWEJ
Nazwa ogólna lub geograficzna Tranzystory
655 ## - TERMIN INDEKSOWY - OKREŚLENIE RODZAJU/FORMY DOKUMENTU
Określenie rodzaju/formy dokumentu Spisy
700 1# - HASŁO DODATKOWE - NAZWA OSOBOWA
Nazwa osobowa NADACHOWSKI, Michał.
Określenie związku między hasłem a opisywanym materiałem Tł.
942 ## - DODATKOWE ELEMENTY (KOHA)
Typ dokumentu Katalog
Egzemplarze
Wycofany Status egzemplarza Uszkodzony Dostępność Lokalizacja stała Lokalizacja bieżąca Miejsce przechowywania Sygnatura Kod kreskowy Dział Typ dokumentu
      Tylko na miejscu Biblioteka Politechniki Koszalińskiej Biblioteka Politechniki Koszalińskiej Czytelnia BG KC 2971 01458688 621.382 Przyrządy półprzewodnikowe Katalog
      Dostępny Biblioteka Politechniki Koszalińskiej Biblioteka Politechniki Koszalińskiej Wypożyczalnia BG KC 2972 01458695   Katalog
© 2023 Biblioteka Politechniki Koszalińskiej :: KOHA